MDQL
is popping MORE tags! Check the
thread
!
Quizzes
Events
Quiz Creation
Community
Videos
Private Events
Remove Ads
Sign In
Join for FREE
Feedback
Dark Mode
Quiz Categories
Sports
Geography
Music
Movies
Television
Just For Fun
Miscellaneous
History
Literature
Language
Science
Gaming
Entertainment
Religion
Holiday
For Kids
Quiz Lab
Recent
Popular Today
Quiz Kudos Today
Editor Picks
Curator Picks
Quizzes by...
Day
Popularity
Type
Ratings
Length
Year
Community
Subscriptions
Recent Discussions
Orange Saloon
Badges
Playlists
Quests
Create
Leaderboards
Showdown
Live 5
Trivia Bingo
Activity
Puzzle Library
Sporcle Events
Private Events
Virtual Trivia
Globe League
Become a Host
Pub Owners
SporcleCon
Opinionation
Our Games
Videos
Blog
Mobile Apps
Partnerships
Remove Ads and Go Orange
Feedback
Geography
Country
Landmarks
City
State
Population
World
Capital
Continent
Flags
Europe
Africa
Asia
South America
North America
Oceania
Border
Canada
United Kingdom
Topography
United States
Geography
Country
Landmarks
City
State
Population
World
Capital
Continent
Flags
Europe
Africa
Asia
South America
North America
Oceania
Border
Canada
United Kingdom
Topography
United States
Random Quiz
Search Sporcle
×
Quiz Lab
Quiz Lab
Geography
Population
Type in answers that appear in a list
Type in answers that appear in a list
Classic
Best Score? Go Orange.
Countries with Under 500,000 Population Stats
Can you name the Countries with Under 500,000 Population?
By
Olliejoseph1997
4m
31 Questions
142 Plays
142 Plays
142 Plays
Comments
Comments
Give Quiz Kudos
Give Quiz Kudos
-
- Ratings
hide this ad
Replay
Link that replays current quiz
Next Quiz
Link to next quiz in quiz playlist
You Got
0%
They Got
Avg Score
77%
Avg Friend Score
Upgrade to see
Score Distribution
Jump to the score distribution portion of the page
Score
0/31
Timer
04:00
0
Plays Today
Rank
Country
% Correct
1
Vatican City
95.1%
5
San Marino
88.7%
6
Monaco
88.7%
2
Nauru
86.6%
11
Andorra
85.2%
4
Palau
83.1%
29
Malta
82.4%
18
St Vincent & the Grenadines
80.3%
3
Tuvalu
78.9%
21
Samoa
78.9%
31
Luxembourg
78.9%
12
Seychelles
78.2%
23
Barbados
78.2%
8
St Kitts & Nevis
77.5%
9
Marshall Islands
77.5%
16
Tonga
77.5%
Rank
Country
% Correct
17
Grenada
76.1%
22
Vanuatu
76.1%
27
Bahamas
76.1%
7
Liechtenstein
75.4%
13
Antigua & Barbuda
74.6%
15
Micronesia
74.6%
20
St Lucia
74.6%
14
Kiribati
73.9%
10
Dominica
73.2%
24
Maldives
71.8%
19
Sao Tome & Principe
69%
25
Iceland
68.3%
30
Cape Verde
66.2%
28
Brunei
62%
26
Belize
60.6%
Quiz Playlist
Details
Report
Send in Message
Add To Playlist
Classic:
Type in answers that appear in a list
Last Updated: Feb 16, 2017
Quiz Scoreboard
CHALLENGE
Sign Up to Join the Scoreboard
Show All
Scores
Hide
Comments
May contain spoilers
Recently Published
Holiday 10x10 Sorting Gallery
by lukepisani3
Holiday
15m
Two Season TV Shows II
by 123Four
Television
10m
Image Sorting: Flags VI
by Barbecue
Geography
2m
More to Explore
Quiz From the Vault
Featured Blog Post
14 Easter Pick-up Lines to Find Eggs With
hide this ad
You Might Also Like...
Tags
Country Quiz
Population Quiz
500
Under
Today's Top Quizzes in Geography
Browse Geography
hide this ad
Today's Top Quizzes in Population
Browse Population
Top Contributed Quizzes in Geography
1
Colored Red Europe Blitz I
2
Countries of the World - No Outlines Minefield
3
Colored Red Africa Blitz II
4
Colored Red Europe Blitz II
5
Colored Red Europe Blitz III
6
Colored Red Africa Blitz III
7
Colored Red States Blitz I
8
Colored Red States Blitz II
9
A Different View: World Oceans
10
Colored Red States Blitz III
Explore More
Trending Topics
Anime
Marvel
Crossword
Disney
NBA
Harry Potter
Kpop
Pokémon
WWE
Song
NFL
Country
The Office
Soccer
Puzzle
hide this ad
More By:
Olliejoseph1997
Quiz
Plays
Rating
Category
Featured
Created
Türkiye's Borders
93,949
4.45
Geography
May 8, 2011
Coastal US States
31,042
4.57
Geography
Mar 4, 2012
Far from London?
8,492
2.16
Geography
Apr 14, 2012
Top 100 Largest Cities in England
2,008
4.40
Geography
May 3, 2011
English Towns with Over 100,000 People
1,335
4.00
Geography
May 13, 2012
Go to Creator's Profile
Score Distribution
Quiz Creator Spotlight
Olliejoseph1997
Follow
Send a Message
Quizzes Created
-
Created Quiz Play Count
-
More By This Creator
Popular Quizzes Today
1
Find the US States - No Outlines Minefield
2
Colored Red Africa Blitz
3
Find the 'City' Movie
4
The Countries of the World
5
5x2 Blitz: Bands
6
Find the Countries of Europe - No Outlines Minefield
7
Find the US States
8
US States
More Geography Quizzes
Country Outline Overlaps II
Published
Trending Quizzes
Colored Red Europe Blitz I
Colored Red Africa Blitz II
Colored Red Europe Blitz II
Even More Two Season TV Shows
Colored Red Africa Blitz III
Recently Updated
Quick Pick: 20 Twenties
pecheneg
March Madness Men's Triple Doubles
pecheneg
How Do You Spell That?
pecheneg
Godzilla Movies
pecheneg
Grab Bag: 4-10 Letters
pecheneg
2024 March Madness Bracket
pecheneg
Famous TV Couples
Peacemaker
Champions League XIs: Real Madrid
pecheneg
Largest US Cities 1790-2010
pecheneg
Rides in Walt Disney World
pecheneg
Trending Topics
NBA
Disney
Anime
Kpop
Crossword
Marvel
Harry Potter
Pokémon
WWE
Puzzle
Country
Song
Soccer
The Office
NFL
Your Account Isn't Verified!
In order to create a playlist on Sporcle, you need to verify the email address you used during registration. Go to your
Sporcle Settings
to finish the process.
Report this User
Report this user for behavior that violates our
Community Guidelines
.
Details:
Send Report
Go to the Sporcle.com Mobile Site →
Comments